[Event "CRO-ch U17/19"]
[Site "Split"]
[Date "2022.07.30"]
[Round "8"]
[White "Karlusic, Luka"]
[Black "Levacic, Matej"]
[Result "1-0"]
[WhiteElo "2089"]
[BlackElo "2015"]
[PlyCount "163"]
[EventDate "2022.07.25"]
[EventType "swiss"]
[EventRounds "9"]
[EventCountry "CRO"]
[SourceTitle "EXT 2023"]
[Source "ChessBase"]
[SourceDate "2022.10.05"]
[SourceVersion "1"]
[SourceVersionDate "2022.10.05"]
[SourceQuality "1"]

1. d4 Nf6 2. c4 e6 3. Nc3 Bb4 4. Qc2 d6 5. e4 Nbd7 6. a3 Bxc3+ 7. bxc3 0-0 8. Bd3 e5 9. Ne2 b6 10. 0-0 Re8 11. Ng3 c5 12. d5 h6 13. h3 Nf8 14. f4 exf4 15. Bxf4 Ng6 16. Qf2 Nxf4 17. Qxf4 Qe7 18. a4 a5 19. Ra2 Bd7 20. Raf2 Rf8 21. Bc2 Nh7 22. Kh2 f6 23. Nh5 Ng5 24. Qg3 Be8 25. Nf4 Qe5 26. h4 Nh7 27. Ne6 Qxg3+ 28. Kxg3 Rf7 29. Rb1 Rb7 30. Bd1 Bd7 31. Nf4 Nf8 32. Rfb2 Rab8 33. Kf3 Be8 34. g4 Nd7 35. Nd3 Bg6 36. Kf4 Re8 37. Bf3 Bh7 38. Re1 g6 39. g5 fxg5+ 40. hxg5 hxg5+ 41. Kxg5 Kg7 42. Kf4 Kf6 43. Rh2 g5+ 44. Kg3 Bg6 45. Rf2 Kg7 46. Rfe2 Ne5 47. Nxe5 Rxe5 48. Rb2 Kf6 49. Bg2 Re8 50. Kg4 Rh8 51. e5+ dxe5 52. Rf2+ Kg7 53. Rxe5 Rh4+ 54. Kg3 Rxc4 55. Rxg5 Rxc3+ 56. Kh2 Re3 57. Rf4 Rf7 58. Rfg4 Rf6 59. Be4 Rxe4 60. Rxe4 Kf7 61. Re3 Bc2 62. Rg4 Rf5 63. d6 Rd5 64. Re7+ Kf6 65. Rf4+ Kg5 66. Rf2 Bxa4 67. Rg2+ Kf6 68. Rf2+ Kg5 69. Rg7+ Kh6 70. Rg4 Bd7 71. Rf6+ Kh5 72. Rg7 Bb5 73. Rg2 a4 74. Rf3 Rg5 75. Rd2 Bd7 76. Rf7 Be8 77. Re7 Bc6 78. Rc7 Be8 79. d7 Bxd7 80. Rdxd7 b5 81. Kh3 Kg6 82. Rg7+ 1-0

[Event "CRO-ch U19"]
[Site "Split"]
[Date "2021.07.26"]
[Round "2"]
[White "Haidinger, Erik"]
[Black "Levacic, Matej"]
[Result "1/2-1/2"]
[WhiteElo "1926"]
[BlackElo "2132"]
[PlyCount "106"]
[EventDate "2021.07.25"]
[EventType "swiss"]
[EventRounds "9"]
[EventCountry "CRO"]
[SourceTitle "EXT 2022"]
[Source "ChessBase"]
[SourceDate "2021.10.06"]
[SourceVersion "1"]
[SourceVersionDate "2021.10.06"]
[SourceQuality "1"]

1. e4 c5 2. Nf3 Nc6 3. c4 e5 4. Nc3 g6 5. d3 Bg7 6. Be3 d6 7. Be2 Nge7 8. Qd2 Nd4 9. Nd5 Nxd5 10. cxd5 0-0 11. Nxd4 cxd4 12. Bh6 f5 13. h4 f4 14. Bxg7 Kxg7 15. 0-0-0 h6 16. Kb1 Bd7 17. Qb4 Qb8 18. Rc1 b6 19. Rc4 a5 20. Qd2 Qb7 21. Rhc1 Rfc8 22. g3 Rxc4 23. Rxc4 fxg3 24. fxg3 Rc8 25. Rxc8 Qxc8 26. Qd1 Qf8 27. Bg4 Bb5 28. Qe2 Qf6 29. Kc2 Ba4+ 30. Kd2 Qf7 31. Ke1 Bb5 32. Kd2 a4 33. a3 Qa7 34. Qd1 Qf7 35. Qe2 Be8 36. Be6 Qc7 37. Qd1 b5 38. Qc2 Qe7 39. Qd1 Qb7 40. Qc1 Qe7 41. Qd1 Bd7 42. Bxd7 Qxd7 43. Qc2 Kf7 44. Qd1 Qh3 45. Qf3+ Ke7 46. Qf2 Qh1 47. Qe1 Qg2+ 48. Kc1 Qf3 49. Qa5 Qe3+ 50. Kc2 Qe2+ 51. Kc1 Qf1+ 52. Kc2 Qe2+ 53. Kc1 Qf1+ 1/2-1/2

[Event "CRO-chT U20 30th"]
[Site "Rabac"]
[Date "2021.04.07"]
[Round "3.1"]
[White "Jakrlin, Mihael"]
[Black "Levacic, Matej"]
[Result "1-0"]
[WhiteElo "2106"]
[BlackElo "2144"]
[PlyCount "53"]
[EventDate "2021.04.06"]
[EventType "team-tourn"]
[EventRounds "11"]
[EventCountry "CRO"]
[SourceTitle "CBM 201 Extra"]
[Source "ChessBase"]
[SourceDate "2021.05.31"]
[SourceVersion "1"]
[SourceVersionDate "2021.05.31"]
[SourceQuality "1"]
[WhiteTeam "Rijeka Junior U20"]
[BlackTeam "Zadar Casper U20"]
[WhiteTeamCountry "CRO"]
[BlackTeamCountry "CRO"]

1. c4 e6 2. g3 d5 3. Bg2 Nf6 4. Nf3 Be7 5. 0-0 0-0 6. b3 b6 7. Bb2 Bb7 8. e3 Nbd7 9. Qe2 Bd6 10. d4 Qe7 11. Nbd2 a5 12. a4 e5 13. dxe5 Nxe5 14. Nd4 Bb4 15. N2f3 Ned7 16. Nf5 Qe8 17. N3d4 Ne5 18. f4 Neg4 19. h3 Nh6 20. Nxh6+ gxh6 21. Nf5 Qe6 22. Nxh6+ Kg7 23. Qg4+ Kh8 24. Qg5 Qxe3+ 25. Kh2 Bc3 26. Qxf6+ Bxf6 27. Bxf6# 1-0

[Event "EU-ch Online U18"]
[Site "Tornelo INT"]
[Date "2020.09.19"]
[Round "6"]
[White "Djokic, Mihailo"]
[Black "Levacic, Matej"]
[Result "1-0"]
[WhiteElo "2232"]
[BlackElo "2144"]
[PlyCount "67"]
[EventDate "2020.09.18"]
[EventType "swiss (rapid)"]
[EventRounds "9"]
[EventCountry "ENG"]
[SourceTitle "CBM 198 Extra"]
[Source "ChessBase"]
[SourceDate "2020.11.30"]
[SourceVersion "1"]
[SourceVersionDate "2020.11.30"]
[SourceQuality "1"]

1. e4 c6 2. d4 d5 3. e5 Bf5 4. h4 h5 5. Bg5 Qb6 6. Bd3 Bxd3 7. Qxd3 e6 8. Nd2 Qa6 9. c4 Bb4 10. b3 Nd7 11. Ngf3 c5 12. a3 cxd4 13. Qxd4 Bc5 14. Qf4 f6 15. 0-0 fxg5 16. Qxg5 Kf7 17. cxd5 exd5 18. Qf5+ Ke7 19. b4 Bb6 20. Qg5+ Kf8 21. Qf5+ Ke8 22. Qg6+ Kd8 23. Qxg7 Bxf2+ 24. Rxf2 Qh6 25. Qf7 Ne7 26. Ng5 Nxe5 27. Qf4 N7g6 28. Qf6+ Kc7 29. Rc1+ Nc6 30. b5 Nxh4 31. Qf7+ Kb6 32. bxc6 bxc6 33. Rb1+ Ka6 34. Qb7+ 1-0

[Event "EU-ch Online U18"]
[Site "Tornelo INT"]
[Date "2020.09.19"]
[Round "4"]
[White "Stoyanov, Viktor"]
[Black "Levacic, Matej"]
[Result "1-0"]
[WhiteElo "2240"]
[BlackElo "2144"]
[PlyCount "97"]
[EventDate "2020.09.18"]
[EventType "swiss (rapid)"]
[EventRounds "9"]
[EventCountry "ENG"]
[SourceTitle "CBM 198 Extra"]
[Source "ChessBase"]
[SourceDate "2020.11.30"]
[SourceVersion "1"]
[SourceVersionDate "2020.11.30"]
[SourceQuality "1"]

1. e4 c6 2. c4 d5 3. exd5 cxd5 4. cxd5 Nf6 5. Bb5+ Nbd7 6. Nf3 g6 7. Nc3 Bg7 8. d4 0-0 9. 0-0 Nb6 10. Re1 Nbxd5 11. Qb3 Bg4 12. Ne5 Be6 13. Bc4 Rc8 14. Bg5 Nxc3 15. Bxe6 fxe6 16. Qxe6+ Kh8 17. bxc3 Qd5 18. Qxd5 Nxd5 19. c4 Nf6 20. Rab1 b6 21. d5 Rc7 22. Nc6 Rf7 23. Nd8 Kg8 24. Nxf7 Kxf7 25. Rbc1 Ng4 26. Bf4 Rd7 27. h3 Nf6 28. Be5 Bh6 29. Rcd1 Ne8 30. a4 Nd6 31. Bxd6 exd6 32. Re6 Bg7 33. Rd3 Be5 34. f4 Bb2 35. g4 Bc1 36. Rf3 Bd2 37. f5 g5 38. Kf2 Bb4 39. Ke2 Rc7 40. Kd3 a6 41. Rfe3 b5 42. axb5 axb5 43. cxb5 Rc3+ 44. Ke2 Rc2+ 45. Kf3 Rc7 46. b6 Rb7 47. Re7+ Rxe7 48. Rxe7+ Kxe7 49. b7 1-0

[Event "EU-ch Online U18"]
[Site "Tornelo INT"]
[Date "2020.09.18"]
[Round "2"]
[White "Willow, Jonah B"]
[Black "Levacic, Matej"]
[Result "1-0"]
[WhiteElo "2386"]
[BlackElo "2144"]
[PlyCount "75"]
[EventDate "2020.09.18"]
[EventType "swiss (rapid)"]
[EventRounds "9"]
[EventCountry "ENG"]
[SourceTitle "CBM 198 Extra"]
[Source "ChessBase"]
[SourceDate "2020.11.30"]
[SourceVersion "1"]
[SourceVersionDate "2020.11.30"]
[SourceQuality "1"]

1. e4 c6 2. d4 d5 3. Nc3 dxe4 4. Nxe4 Bf5 5. Nc5 e5 6. Nxb7 Qb6 7. Nc5 exd4 8. Na4 Qa5+ 9. c3 dxc3 10. Nxc3 Nf6 11. Nf3 Bb4 12. Bd2 0-0 13. a3 Re8+ 14. Be2 Bxc3 15. Bxc3 Qa6 16. Ne5 Qb7 17. 0-0 Nd5 18. Nc4 Qc7 19. Ba5 Qf4 20. Bd2 Qc7 21. Bf3 Nd7 22. Rc1 Rab8 23. Bxd5 cxd5 24. Ne3 Qe5 25. Bc3 Qe4 26. Nxd5 Nc5 27. Bxg7 Kxg7 28. Rxc5 Rxb2 29. Qc1 Qd4 30. Rc4 Qe5 31. Rh4 Bg6 32. Qh6+ Kg8 33. Ne3 Qg7 34. Qf4 Rb5 35. Ng4 Rf5 36. Nh6+ Kh8 37. Nxf5 Bxf5 38. Qxf5 1-0

[Event "CRO-chT U20 29th"]
[Site "Cakovec"]
[Date "2020.07.17"]
[Round "8.3"]
[White "Muha, Miljenko"]
[Black "Levacic, Matej"]
[Result "1-0"]
[WhiteElo "2310"]
[BlackElo "2040"]
[PlyCount "97"]
[EventDate "2020.07.14"]
[EventType "team-tourn"]
[EventRounds "11"]
[EventCountry "CRO"]
[SourceTitle "CBM 197 Extra"]
[Source "ChessBase"]
[SourceDate "2020.09.30"]
[SourceVersion "1"]
[SourceVersionDate "2020.09.30"]
[SourceQuality "1"]
[WhiteTeam "Rijeka Liburnija U20"]
[BlackTeam "Zadar Casper U20"]
[WhiteTeamCountry "CRO"]
[BlackTeamCountry "CRO"]

1. d4 Nf6 2. c4 e6 3. Nc3 Bb4 4. e3 b6 5. Nge2 c5 6. a3 Ba5 7. Rb1 Na6 8. g3 Bb7 9. d5 b5 10. Bg2 bxc4 11. 0-0 0-0 12. e4 exd5 13. exd5 d6 14. Qa4 Bxc3 15. Nxc3 Nc7 16. Bg5 h6 17. Bxf6 Qxf6 18. Rfe1 Qd8 19. Qxc4 Re8 20. Rxe8+ Qxe8 21. b4 Ba6 22. b5 Bb7 23. Qf4 Qd7 24. a4 Re8 25. h4 Re5 26. a5 a6 27. bxa6 Nxa6 28. Rb6 Nb4 29. Kh2 Bc8 30. Qc4 Nc2 31. Qb5 Qf5 32. Rb8 Ne1 33. Qb1 Qg4 34. Be4 g5 35. Qxe1 gxh4 36. Rxc8+ Qxc8 37. f4 Re8 38. gxh4 Qa6 39. Qg3+ Kf8 40. f5 Qf1 41. a6 Ke7 42. a7 Ra8 43. Qe3 Kd7 44. Bg2 Qc4 45. f6 Qxh4+ 46. Bh3+ Kc7 47. Qe7+ Kb6 48. Qxd6+ Kb7 49. Qc6+ 1-0

[Event "CRO-chT U20 29th"]
[Site "Cakovec"]
[Date "2020.07.16"]
[Round "6.2"]
[White "Sos, Fran"]
[Black "Levacic, Matej"]
[Result "0-1"]
[WhiteElo "2024"]
[BlackElo "2040"]
[PlyCount "120"]
[EventDate "2020.07.14"]
[EventType "team-tourn"]
[EventRounds "11"]
[EventCountry "CRO"]
[SourceTitle "CBM 197 Extra"]
[Source "ChessBase"]
[SourceDate "2020.09.30"]
[SourceVersion "1"]
[SourceVersionDate "2020.09.30"]
[SourceQuality "1"]
[WhiteTeam "Strigova Stridon U20"]
[BlackTeam "Zadar Casper U20"]
[WhiteTeamCountry "CRO"]
[BlackTeamCountry "CRO"]

1. d4 Nf6 2. c4 e6 3. Nc3 Bb4 4. f3 d5 5. a3 Bxc3+ 6. bxc3 c5 7. cxd5 Nxd5 8. dxc5 Qa5 9. e4 Nf6 10. Be3 0-0 11. Qb3 Nfd7 12. Nh3 Qc7 13. Be2 Nxc5 14. Qc2 e5 15. Nf2 Be6 16. 0-0 b6 17. c4 Nc6 18. Nd3 Nxd3 19. Bxd3 Rfd8 20. Qc3 Rac8 21. Rac1 Na5 22. Rfd1 h6 23. Be2 Rxd1+ 24. Rxd1 Nxc4 25. Bxc4 Qxc4 26. Qxc4 Rxc4 27. Rc1 Ra4 28. Rc3 Kf8 29. Kf2 Ke7 30. Ke2 Kd6 31. Kd3 h5 32. g3 g6 33. f4 f6 34. h4 Bd7 35. fxe5+ fxe5 36. Bh6 Bc6 37. Bf8+ Kd7 38. Bg7 Bxe4+ 39. Ke3 Bf5 40. Kf3 Kd6 41. Re3 e4+ 42. Kf4 b5 43. Rc3 a5 44. Ke3 Kd5 45. Bf8 Rc4 46. Rb3 Kc6 47. Bg7 b4 48. Bf6 Kb5 49. axb4 axb4 50. Be5 Ka4 51. Rb2 Ka3 52. Bf6 Rc6 53. Be5 Rc5 54. Bf6 Rd5 55. Ke2 Rd3 56. Kf2 b3 57. Be5 e3+ 58. Kf3 Bg4+ 59. Kf4 e2 60. Rb1 Rd1 0-1

[Event "CRO-chT U20 29th"]
[Site "Cakovec"]
[Date "2020.07.14"]
[Round "1.5"]
[White "Jambresic, Filip"]
[Black "Levacic, Matej"]
[Result "0-1"]
[WhiteElo "2082"]
[BlackElo "2040"]
[PlyCount "58"]
[EventDate "2020.07.14"]
[EventType "team-tourn"]
[EventRounds "11"]
[EventCountry "CRO"]
[SourceTitle "CBM 197 Extra"]
[Source "ChessBase"]
[SourceDate "2020.09.30"]
[SourceVersion "1"]
[SourceVersionDate "2020.09.30"]
[SourceQuality "1"]
[WhiteTeam "Sveta Nedelja U20"]
[BlackTeam "Zadar Casper U20"]
[WhiteTeamCountry "CRO"]
[BlackTeamCountry "CRO"]

1. Nf3 d5 2. c4 e6 3. cxd5 exd5 4. g3 Nf6 5. Bg2 Be7 6. 0-0 0-0 7. d3 Re8 8. a3 c6 9. Bg5 Qb6 10. Qc2 h6 11. Bf4 Nbd7 12. Nc3 Nc5 13. b4 Ne6 14. Be5 a5 15. b5 Ng4 16. bxc6 bxc6 17. Na4 Qa7 18. e3 c5 19. Rab1 Ba6 20. Nb6 Rad8 21. Ba1 c4 22. dxc4 dxc4 23. Qf5 c3 24. Qxa5 c2 25. Rbc1 Bc5 26. Na4 Bxf1 27. Qxa7 Bxa7 28. Bxf1 Rd1 29. Bb2 Nxe3 0-1

[Event "CRO-chT U20 26th"]
[Site "Sv Filip i Jakov"]
[Date "2018.04.04"]
[Round "3.17"]
[White "Levacic, Matej"]
[Black "Jambresic, Filip"]
[Result "0-1"]
[WhiteElo "1893"]
[BlackElo "2030"]
[PlyCount "78"]
[EventDate "2018.04.03"]
[EventType "team-swiss"]
[EventRounds "11"]
[EventCountry "CRO"]
[SourceTitle "CBM 184 Extra"]
[Source "ChessBase"]
[SourceDate "2018.06.28"]
[SourceVersion "1"]
[SourceVersionDate "2018.06.28"]
[SourceQuality "1"]

1. d4 Nf6 2. Nf3 c5 3. d5 e6 4. Nc3 d6 5. e4 a6 6. a4 Be7 7. Bc4 exd5 8. Bxd5 0-0 9. 0-0 Qc7 10. h3 Nc6 11. Re1 Nb4 12. Bf4 Nfxd5 13. Nxd5 Nxd5 14. Qxd5 Be6 15. Qd2 Rad8 16. b3 Qc6 17. c4 b5 18. axb5 axb5 19. Ra7 Rfe8 20. Qa5 bxc4 21. Rxe7 Ra8 22. Rxe8+ Qxe8 23. Qc3 cxb3 24. Bxd6 c4 25. Ra1 Rd8 26. e5 f6 27. Ra7 Qb5 28. Ra5 Qb7 29. Ra1 h6 30. Qd4 Qc6 31. Qh4 b2 32. Rb1 c3 33. Nd4 c2 34. Nxc2 Qxc2 35. Rxb2 Qxb2 36. Be7 Rd1+ 37. Kh2 Qxe5+ 38. f4 Qc7 39. Bb4 g5 0-1

[Event "CRO-chT U20 26th"]
[Site "Sv Filip i Jakov"]
[Date "2018.04.04"]
[Round "4.9"]
[White "Plenca, Jadranko"]
[Black "Levacic, Matej"]
[Result "1-0"]
[WhiteElo "2497"]
[BlackElo "1893"]
[PlyCount "91"]
[EventDate "2018.04.03"]
[EventType "team-swiss"]
[EventRounds "11"]
[EventCountry "CRO"]
[SourceTitle "CBM 184 Extra"]
[Source "ChessBase"]
[SourceDate "2018.06.28"]
[SourceVersion "1"]
[SourceVersionDate "2018.06.28"]
[SourceQuality "1"]

1. e4 c6 2. Nc3 d5 3. Nf3 Bg4 4. h3 Bxf3 5. Qxf3 e6 6. d3 Bd6 7. Bd2 Nf6 8. g4 h6 9. h4 Nbd7 10. g5 dxe4 11. dxe4 Ne5 12. Qg2 hxg5 13. hxg5 Rxh1 14. Qxh1 Nfd7 15. f4 Ng6 16. Qf3 Qc7 17. e5 Be7 18. Bd3 Ngf8 19. 0-0-0 Nc5 20. Bc4 0-0-0 21. Rh1 Nfd7 22. Rh7 Nb6 23. Be2 Bf8 24. Be3 Nba4 25. Nxa4 Nxa4 26. c3 Qa5 27. Bd4 Nxb2 28. Kxb2 Ba3+ 29. Kc2 Qa4+ 30. Kb1 c5 31. Rxg7 cxd4 32. Rxf7 Rd5 33. c4 d3 34. Bxd3 Qb4+ 35. Kc2 Qa4+ 36. Kd2 Qxc4 37. Ke2 Qxa2+ 38. Kf1 Bc5 39. g6 Qa1+ 40. Kg2 Qg1+ 41. Kh3 Rd7 42. Rxd7 Kxd7 43. Qxb7+ Kd8 44. Qb8+ Ke7 45. Qc7+ Ke8 46. Bb5+ 1-0

[Event "Topusko Amateur op 6th"]
[Site "Topusko"]
[Date "2017.08.18"]
[Round "8"]
[White "Grbac, Boris"]
[Black "Levacic, Matej"]
[Result "1-0"]
[WhiteElo "2140"]
[BlackElo "1674"]
[PlyCount "74"]
[EventDate "2017.08.12"]
[EventType "swiss"]
[EventRounds "9"]
[EventCountry "CRO"]
[SourceTitle "CBM 180 Extra"]
[Source "ChessBase"]
[SourceDate "2017.10.06"]
[SourceVersion "1"]
[SourceVersionDate "2017.10.06"]
[SourceQuality "1"]

1. c4 e5 2. Nc3 Nf6 3. e4 Bc5 4. g3 Nc6 5. Bg2 d6 6. h3 0-0 7. d3 Nd4 8. Nge2 c6 9. 0-0 a6 10. Kh2 b5 11. f4 Nd7 12. f5 Nb6 13. cxb5 axb5 14. Nxd4 Bxd4 15. f6 Bxc3 16. bxc3 gxf6 17. Bh6 Re8 18. Qh5 Be6 19. Rf2 Kh8 20. d4 Rg8 21. Raf1 Rg6 22. dxe5 fxe5 23. g4 Qe7 24. g5 Rxa2 25. Rf6 Nd7 26. Rxg6 hxg6 27. Qd1 d5 28. Kh1 dxe4 29. Bxe4 Qa3 30. Qf3 Qb2 31. Qg3 Ra3 32. Qh4 Rxc3 33. Bg2 Kg8 34. Rf2 Qc1+ 35. Kh2 Rc2 36. Qg3 Rxf2 37. Qxf2 Qf4+ 1-0